000 00696nam a2200229 a 4500
999 _c10729
_d10729
001 10729
003 BD-JhCC
005 20190903134018.0
008 180715s2006 bg |||| |||| 000 0 ben d
020 _a9844654408
035 _a(BD-JhCC)10729
040 _aBD-JhCC
_dBD-JhCC
041 _aben
082 _a891.443
_bSAR 2006
100 _aসরকার, মঞ্জু
245 _aপ্লাবন /
_cমঞ্জু সরকার,
260 _aঢাকা :
_bসাহিত্য প্রকাশ,
_c২০০৬.
300 _a৯৫ পৃ. :
_c২০ সেমি.
650 _aBengali Novel
650 _aবাংলা উপন্যাস
942 _2ddc
_cBK
_02